000 01226cam a2200289 i 4500
003 SA-RiAUC
005 20241118142220.0
008 241116s1996 ua g 000 0 ara c
040 _aSA-JeALM
_bara
_cSA-RiAUC
_erda
082 0 4 _a241
090 _a241
_b و ل ل
245 0 0 _aولله الأسماء الحسنى فادعوه بها /
_cقرأه عبدالحليم محمود ، جمع وترتيب أحمد عبد الجواد ، ضبطه وخرج احاديثه عبدالجليل العطا.
250 _aالطبعة الأولى.
264 1 _aدمشق :
_bدار النعمان للعلوم،
_c2004
300 _a223 صفحة ؛
_c24 سم.
336 _aنص
_btxt
_2rdacontent
_3كتاب
337 _aبدون وسيط
_bn
_2rdamedia
338 _aمجلد
_bnc
_2rdacarrier
650 7 _aالله (إسلام)
_2aucsh
650 7 _aالأسماء الحسنى
_2aucsh
650 7 _aعلم الكلام
_2aucsh
700 1 _aعبد الجواد، أحمد،
_d1946-
_eجامع.
700 _aالبكري، عبدالجليل العطا
_eخرج الاحاديث
700 _aمحمود، عبدالحليم
_eقرأه وقدم له
942 _2ddc
_cBOOK
_n0
949 _aSA-JeALM
_d241116
_umohamedma123
_n1
999 _c2473
_d2473